<?xml version="1.0" encoding="UTF-8"?>
<record
    xmlns:xsi="http://www.w3.org/2001/XMLSchema-instance"
    xsi:schemaLocation="http://www.loc.gov/MARC21/slim http://www.loc.gov/standards/marcxml/schema/MARC21slim.xsd"
    xmlns="http://www.loc.gov/MARC21/slim">

  <leader>03463cam a2200241 i 4500</leader>
  <controlfield tag="001">991025407727607026</controlfield>
  <controlfield tag="003">UkOxU</controlfield>
  <controlfield tag="005">20250320164941.0</controlfield>
  <controlfield tag="008">230623s2023    fr            000 f fre d</controlfield>
  <datafield tag="020" ind1=" " ind2=" ">
    <subfield code="a">9782493213310</subfield>
    <subfield code="q">paperback</subfield>
  </datafield>
  <datafield tag="035" ind1=" " ind2=" ">
    <subfield code="a">(OCoLC)1395543115</subfield>
  </datafield>
  <datafield tag="035" ind1=" " ind2=" ">
    <subfield code="a">(OCoLC)on1395543115</subfield>
  </datafield>
  <datafield tag="040" ind1=" " ind2=" ">
    <subfield code="a">AUXAM</subfield>
    <subfield code="b">eng</subfield>
    <subfield code="e">rda</subfield>
    <subfield code="c">AUXAM</subfield>
    <subfield code="d">QGK</subfield>
    <subfield code="d">QGJ</subfield>
    <subfield code="d">C3L</subfield>
    <subfield code="d">ERASP</subfield>
    <subfield code="d">FUG</subfield>
    <subfield code="d">OCLCO</subfield>
    <subfield code="d">UkOxU</subfield>
  </datafield>
  <datafield tag="050" ind1=" " ind2="4">
    <subfield code="a">PQ3919.3.L3513</subfield>
    <subfield code="b">Q46 2023</subfield>
  </datafield>
  <datafield tag="100" ind1=" " ind2=" ">
    <subfield code="a">Lambert, Kevin,</subfield>
    <subfield code="d">1992-</subfield>
    <subfield code="e">author.</subfield>
  </datafield>
  <datafield tag="245" ind1="1" ind2="0">
    <subfield code="a">Que notre joie demeure </subfield>
    <subfield code="c">/ Kevin Lambert.</subfield>
  </datafield>
  <datafield tag="264" ind1=" " ind2="1">
    <subfield code="a">Paris :</subfield>
    <subfield code="b">Le Nouvel Attila,</subfield>
    <subfield code="c">[2023]</subfield>
  </datafield>
  <datafield tag="300" ind1=" " ind2=" ">
    <subfield code="a">358 pages ;</subfield>
    <subfield code="c">20 cm</subfield>
  </datafield>
  <datafield tag="520" ind1=" " ind2=" ">
    <subfield code="a">Architecte millionnaire partie de rien, C&#xE9;line Wachowski a sa s&#xE9;rie sur Netflix et des contrats dans le monde entier. &#xC9;g&#xE9;rie de la modernit&#xE9;, elle est convaincue d&#x2019;apporter de la beaut&#xE9; au monde.
Mais voil&#xE0;, son projet le plus ambitieux est stopp&#xE9; net par une pol&#xE9;mique : accus&#xE9;e de favoriser la gentrification, elle voit condamn&#xE9;es sa strat&#xE9;gie et ses m&#xE9;thodes de travail. En quelques jours, elle est renvoy&#xE9;e de sa propre entreprise, et amorce une travers&#xE9;e du d&#xE9;sert qui l&#x2019;am&#xE8;ne &#xE0; une m&#xE9;ditation sur la culpabilit&#xE9;.
Quand l&#x2019;&#xE9;lite perd pied, quel r&#xE9;cit con&#xE7;oit-elle pour justifier ses privil&#xE8;ges et asseoir sa place dans un monde dont elle a elle-m&#xEA;me &#xE9;tabli les r&#xE8;gles ?

&#xAB; Il faut rester attentifs aux rayons noirs qui parviennent du fond des &#xE2;ges et continuent d&#x2019;obscurcir notre monde trop blanc, trop clair, C&#xE9;line sait d&#xE9;fendre la n&#xE9;cessit&#xE9; de l&#x2019;opacit&#xE9;, c&#x2019;est un r&#xE9;flexe naturel, presque vital chez elle. &#xBB;

Kevin Lambert a 30 ans, et a grandi &#xE0; Chicoutimi, au Canada. Titulaire d&#x2019;un doctorat en cr&#xE9;ation litt&#xE9;raire, tr&#xE8;s impliqu&#xE9; dans la sc&#xE8;ne artistique qu&#xE9;b&#xE9;coise, il a &#xE9;t&#xE9; libraire et participe aux revues Libert&#xE9; et Spirale, ainsi qu&#x2019;&#xE0; plusieurs &#xE9;missions de Radio-Canada.
Que notre joie demeure confirme et amplifie la port&#xE9;e de Querelle, qui l&#x2019;avait r&#xE9;v&#xE9;l&#xE9; au public en 2019 (laur&#xE9;at du prix Sade, s&#xE9;lections Wepler et M&#xE9;dicis).</subfield>
  </datafield>
  <datafield tag="520" ind1=" " ind2=" ">
    <subfield code="a">Millionaire Architect Who Started from Nothing, C&#xE9;line Wachowski, Lands Her Own Netflix Series and Global Contracts. An icon of modernity, she is convinced she brings beauty to the world.

However, her most ambitious project comes to an abrupt halt due to controversy: accused of fuelling gentrification, her strategy and working methods are condemned. Within days, she is ousted from her own company and embarks on a period of downfall, leading her to meditate on guilt.

When the elite loses its footing, what narrative does it construct to justify its privileges and secure its place in a world it has itself shaped?

"We must remain attentive to the dark rays emanating from the depths of time, continuing to obscure our world&#x2014;too white, too bright. C&#xE9;line knows how to defend the necessity of opacity; it is a natural, almost vital reflex for her."

Kevin Lambert is 30 years old and grew up in Chicoutimi, Canada. Holding a doctorate in creative writing and deeply involved in Quebec&#x2019;s artistic scene, he has worked as a bookseller and contributes to Libert&#xE9; and Spirale magazines, as well as several Radio-Canada programmes.

Que notre joie demeure confirms and amplifies the impact of Querelle, which brought him to public attention in 2019 (winner of the Prix Sade, shortlisted for the Wepler and M&#xE9;dicis prizes).</subfield>
  </datafield>
  <datafield tag="655" ind1=" " ind2="0">
    <subfield code="a">French novels</subfield>
    <subfield code="9">23601</subfield>
  </datafield>
  <datafield tag="942" ind1=" " ind2=" ">
    <subfield code="2">lcc</subfield>
  </datafield>
  <datafield tag="952" ind1=" " ind2=" ">
    <subfield code="0">0</subfield>
    <subfield code="1">0</subfield>
    <subfield code="2">lcc</subfield>
    <subfield code="4">0</subfield>
    <subfield code="7">0</subfield>
    <subfield code="a">TBS</subfield>
    <subfield code="b">TBS</subfield>
    <subfield code="d">2025-03-20</subfield>
    <subfield code="l">0</subfield>
    <subfield code="o">P-FR LAM</subfield>
    <subfield code="p">B07709</subfield>
    <subfield code="r">2025-03-20</subfield>
    <subfield code="t">1</subfield>
    <subfield code="w">2025-03-20</subfield>
    <subfield code="y">1</subfield>
  </datafield>
  <datafield tag="999" ind1=" " ind2=" ">
    <subfield code="c">4548</subfield>
    <subfield code="d">4548</subfield>
  </datafield>
</record>
